000 00996nam a22003015a 4500
003 EG-ScBUE
005 20260203100653.0
008 181204s2025 ua f 000 f ara d
017 _a2024 / 34524
020 _a9789778242720
040 _aEG-ScBUE
_bara
_erda
_cEG-ScBUE
_dEG-ScBUE
043 _af-ua---
082 0 4 _a892.737
_bص ا د
_222
100 1 _aصادق، محمد،
_d1987-
_eمؤلف.
_941953
245 1 0 _aآن :
_bثم لا شيء بعد ذلك : رواية /
_cمحمد صادق.
250 _aالطبعة السادسة.
264 1 _aالقاهرة :
_bالرواق للنشر والتوزيع،
_c2025.
300 _a464 صفحة ؛
_c20 سم
336 _2rdacontent
_aنص
_btxt
337 _2rdamedia
_aبدون وسيط
_bn
338 _2rdacarrier
_aمجلد
_bnc
541 _cBook Fair 2026.
650 7 _aالقصص العربية
_zمصر
_yقرن21
_2BUEsh
651 _2BUEsh
653 _bARALIT
_bGGEN
_cJanuary2026
655 _vReading book
942 _2ddc
999 _c31062
_d31033